Combien de fois pouvez-vous écrire LOL ? - Statistiques

Statistiques générales
  • Ce quiz a été pris 8 264 fois
    8 165 depuis la dernière actualisation
  • Le résultat moyen est 24 sur 500
Statistiques - réponses
Lol % Correct
lol
100%
lol
91%
lol
87%
lol
84%
lol
81%
lol
77%
lol
73%
lol
68%
lol
62%
lol
56%
lol
50%
lol
44%
lol
37%
lol
32%
lol
27%
lol
22%
lol
19%
lol
17%
lol
15%
lol
14%
lol
13%
lol
12%
lol
11%
lol
10%
lol
10%
lol
9%
lol
9%
lol
8%
lol
8%
lol
7%
lol
7%
lol
6%
lol
6%
lol
6%
lol
6%
lol
5%
lol
5%
lol
5%
lol
5%
lol
5%
lol
5%
lol
5%
lol
5%
lol
5%
lol
5%
lol
5%
lol
5%
lol
5%
lol
5%
lol
5%
lol
5%
lol
5%
lol
5%
lol
5%
lol
5%
lol
5%
lol
5%
lol
5%
lol
5%
lol
5%
lol
5%
lol
5%
lol
5%
lol
5%
lol
5%
lol
4%
lol
4%
lol
4%
lol
4%
lol
4%
lol
4%
lol
4%
lol
4%
lol
4%
lol
4%
lol
4%
lol
4%
lol
4%
lol
4%
lol
4%
lol
4%
lol
4%
lol
4%
lol
4%
lol
4%
lol
4%
lol
4%
lol
4%
lol
4%
lol
4%
lol
4%
lol
4%
lol
4%
lol
4%
lol
4%
lol
4%
lol
4%
lol
4%
lol
4%
lol
4%
lol
4%
lol
4%
lol
4%
lol
4%
lol
4%
lol
4%
lol
4%
lol
4%
lol
4%
lol
4%
lol
4%
lol
4%
lol
4%
lol
3%
lol
3%
lol
3%
lol
3%
lol
3%
lol
3%
lol
3%
lol
3%
lol
3%
lol
3%
lol
3%
lol
3%
lol
3%
lol
3%
lol
3%
lol
3%
lol
3%
lol
3%
lol
3%
lol
3%
lol
3%
lol
3%
lol
3%
lol
3%
lol
3%
lol
3%
lol
3%
lol
3%
lol
3%
lol
3%
lol
3%
lol
3%
lol
3%
lol
3%
lol
3%
lol
3%
lol
3%
lol
3%
lol
3%
lol
3%
lol
3%
lol
3%
lol
3%
lol
3%
lol
3%
lol
3%
lol
3%
lol
3%
lol
3%
lol
3%
lol
3%
lol
3%
lol
3%
lol
3%
lol
3%
lol
3%
lol
3%
lol
3%
lol
3%
lol
3%
lol
3%
lol
3%
lol
3%
lol
3%
lol
3%
lol
3%
lol
3%
lol
3%
lol
3%
lol
3%
lol
3%
lol
3%
lol
3%
lol
3%
lol
3%
lol
3%
lol
3%
lol
3%
lol
3%
lol
3%
lol
3%
lol
3%
lol
3%
lol
3%
lol
3%
lol
3%
lol
3%
lol
3%
lol
3%
lol
3%
lol
3%
lol
3%
lol
3%
lol
3%
lol
3%
lol
3%
lol
3%
lol
3%
lol
3%
lol
3%
lol
3%
lol
3%
lol
3%
lol
3%
lol
3%
lol
3%
lol
3%
lol
3%
lol
3%
lol
3%
lol
3%
lol
3%
lol
3%
lol
3%
lol
3%
lol
3%
lol
3%
lol
3%
lol
3%
lol
3%
lol
3%
lol
3%
lol
3%
lol
3%
lol
3%
lol
3%
lol
3%
lol
3%
lol
3%
lol
3%
lol
3%
lol
3%
lol
3%
lol
3%
lol
3%
lol
3%
lol
3%
lol
3%
lol
3%
lol
3%
lol
3%
lol
3%
lol
3%
lol
3%
lol
3%
lol
3%
lol
3%
lol
3%
lol
3%
lol
3%
lol
3%
lol
3%
lol
3%
lol
3%
lol
3%
lol
3%
lol
3%
lol
3%
lol
3%
lol
3%
lol
3%
lol
3%
lol
3%
lol
3%
lol
3%
lol
3%
lol
3%
lol
3%
lol
3%
lol
3%
lol
3%
lol
3%
lol
3%
lol
3%
lol
3%
lol
2%
lol
2%
lol
2%
lol
2%
lol
2%
lol
2%
lol
2%
lol
2%
lol
2%
lol
2%
lol
2%
lol
2%
lol
2%
lol
2%
lol
2%
lol
2%
lol
2%
lol
2%
lol
2%
lol
2%
lol
2%
lol
2%
lol
2%
lol
2%
lol
2%
lol
2%
lol
2%
lol
2%
lol
2%
lol
2%
lol
2%
lol
2%
lol
2%
lol
2%
lol
2%
lol
2%
lol
2%
lol
2%
lol
2%
lol
2%
lol
2%
lol
2%
lol
2%
lol
2%
lol
2%
lol
2%
lol
2%
lol
2%
lol
2%
lol
2%
lol
2%
lol
2%
lol
2%
lol
2%
lol
2%
lol
2%
lol
2%
lol
2%
lol
2%
lol
2%
lol
2%
lol
2%
lol
2%
lol
2%
lol
2%
lol
2%
lol
2%
lol
2%
lol
2%
lol
2%
lol
2%
lol
2%
lol
2%
lol
2%
lol
2%
lol
2%
lol
2%
lol
2%
lol
2%
lol
2%
lol
2%
lol
2%
lol
2%
lol
2%
lol
2%
lol
2%
lol
2%
lol
2%
lol
2%
lol
2%
lol
2%
lol
2%
lol
2%
lol
2%
lol
2%
lol
2%
lol
2%
lol
2%
lol
2%
lol
2%
lol
2%
lol
2%
lol
2%
lol
2%
lol
2%
lol
2%
lol
2%
lol
2%
lol
2%
lol
2%
lol
2%
lol
2%
lol
2%
lol
2%
lol
2%
lol
2%
lol
2%
lol
2%
lol
2%
lol
2%
lol
2%
lol
2%
lol
2%
lol
2%
lol
2%
lol
2%
lol
2%
lol
2%
lol
2%
lol
2%
lol
1%
lol
1%
lol
1%
lol
1%
lol
1%
lol
1%
lol
1%
lol
1%
lol
1%
lol
1%
lol
1%
lol
1%
lol
1%
lol
1%
lol
1%
lol
1%
lol
1%
lol
1%
lol
1%
lol
1%
lol
1%
lol
1%
lol
1%
lol
1%
lol
1%
lol
1%
lol
1%
lol
1%
lol
1%
lol
1%
lol
1%
lol
1%
lol
1%
lol
1%
lol
1%
lol
1%
lol
1%
lol
0%
lol
0%
lol
0%
lol
0%
lol
0%
lol
0%
lol
0%
lol
0%
lol
0%
lol
0%
lol
0%
lol
0%
lol
0%
lol
0%
lol
0%
lol
0%
lol
0%
lol
0%
lol
0%
lol
0%
lol
0%
lol
0%
lol
0%
lol
0%
lol
0%
lol
0%
lol
0%
lol
0%
lol
0%
lol
0%
lol
0%
lol
0%
lol
0%
lol
0%
lol
0%
lol
0%
lol
0%
lol
0%
lol
0%
lol
0%
lol
0%
lol
0%
lol
0%
lol
0%
lol
0%
Aucun quiz correspondant
Distribution des résultats
% des personnes avec chaque résultat
Percentile par nombre de réponses
Votre historique - résultats
Vous n’avez pas pris ce quiz depuis la dernière actualisation